00325nam a2200121Ia 4500008004100000082001600041100001700057245007400074250000800148260002300156300000800179650001600187191201s2004 xx 000 0 und d a005.43bPAI aPATT, Yale N 0aIntroduction to Computing Systems From Bits and Gates to C and Beyond a2nd aN.DelhibTMHc2004 a632 aB.Tech(CSE)